000 00400nam a22001697a 4500
003 OSt
005 20260316172749.0
008 260312b |||||||| |||| 00| 0 eng d
040 _cFLL
041 _aENG
_dENG
100 _aMUTHUSWAMY
245 _aHANDBOOK FOR CENTRAL GOVERNMENT STAFF
250 _a52nd
260 _aCHENNAI
_bSWAMI PUBLICATION
_c2026
300 _a592
942 _2CC
_cTB
_n0
999 _c1715245
_d1715245